Psychoanalysis and literary theory: an introduction (Record no. 1434230)

MARC details
000 -LEADER
fixed length control field 00674nam a22002177a 4500
005 - DATE AND TIME OF LATEST TRANSACTION
control field 20250723165248.0
008 - FIXED-LENGTH DATA ELEMENTS--GENERAL INFORMATION
fixed length control field 250723b |||||||| |||| 00| 0 eng d
020 ## - INTERNATIONAL STANDARD BOOK NUMBER
International Standard Book Number 978-1-032-11315-9(hbk)
037 ## - SOURCE OF ACQUISITION
Terms of availability TB
040 ## - CATALOGING SOURCE
Original cataloging agency AL
Transcribing agency AL
041 ## - LANGUAGE CODE
Source of code eng
Language code of text/sound track or separate title eng
084 ## - COLON CLASSIFICATION NUMBER
Classification number SM9 R3
Assigning agency TB
100 ## - MAIN ENTRY--PERSONAL NAME
Personal name Martin, Mathew R.
9 (RLIN) 591271
245 ## - TITLE STATEMENT
Title Psychoanalysis and literary theory: an introduction
260 ## - PUBLICATION, DISTRIBUTION, ETC.
Place of publication, distribution, etc. London, UK:
Name of publisher, distributor, etc. Routledge,
Date of publication, distribution, etc. 2023.
300 ## - PHYSICAL DESCRIPTION
Extent 246p.
365 ## - TRADE PRICE
Price amount 34.99
Currency code UKP
650 ## - SUBJECT ADDED ENTRY--TOPICAL TERM
Source of heading or term PSYCHOLOGY
942 ## - ADDED ENTRY ELEMENTS (KOHA)
Source of classification or shelving scheme Colon Classification (CC)
Koha item type Textbook
Classification part SM9 R3
Suppress in OPAC No
Holdings
Withdrawn status Lost status Source of classification or shelving scheme Damaged status Not for loan Home library Current library Date acquired Source of acquisition Cost, normal purchase price Inventory number Total Checkouts Full call number Barcode Date last seen Date last checked out Price effective from Koha item type
    Colon Classification (CC)     Arts Library Arts Library 2025-07-23 Elite Publishers Distributors 34.99 14711 & 2023-01-19 1 SM9 R3 AL1666991 2025-11-25 2025-08-28 2025-07-23 Textbook
Copyright @ Delhi University Library System